Roomaa ympäröivät valtiot - Statistics

Yleistilastot
  • Tätä visaa on pelattu 615 kertaa
  • Keskiarvotulos 14 / 17
Vastaustilastot
Suunta Valtio % Oikein
259°–297°, 298°–317° Ranska
95%
250°–259° Espanja
94%
108°–124° Kreikka
90%
317°–344° Sveitsi
90%
0°–7°, 344°–357° Itävalta
88%
10°–81° Kroatia
87%
7°–10° Slovenia
85%
212°–244° Algeria
81%
124°–130° Egypti
81%
88°–108° Albania
79%
164°–166° Malta
79%
244°–250° Marokko
78%
297°–298° Monaco
76%
185°–212° Tunisia
76%
130°–164°, 166°–185° Libya
75%
357°–0° San Marino
73%
81°–88° Montenegro
72%
Ehtoja vastaavia visoja ei löytynyt
Tulosjakauma
Jokaisen tuloksen saaneiden osuus
Persentiili vastausten määrän mukaan
Tuloshistoriasi
Et ole pelannut tätä visaa